Memorias del seminario / (Registro nro. 12563)
[ vista simple ]
| 000 -LIDER | |
|---|---|
| fixed length control field | 00777nam a2200229 a 4500 |
| 001 - NÚMERO DE CONTROL | |
| Identificador de número de control | 000015944 |
| 003 - IDENTIFICACDOR DE NÚMERO DE CONTROL | |
| control field | DO-SdBNP |
| 005 - DATE AND TIME OF LATEST TRANSACTION | |
| control field | 20171024110544.0 |
| 008 - ELEMENTOS DE LONGITUD FIJA | |
| fixed length control field | 100222s1997 dr 001 0 spa d |
| 040 ## - FUENTE DE CATALOGACIÓN | |
| Agencia que crea de manera original el registro | BPMSU |
| Idioma de catalogación | spa |
| Agencia que realiza la transcripción | BPMSU |
| 049 ## - LOCAL HOLDINGS (OCLC) | |
| Holding library | |
| 092 ## - LOCALLY ASSIGNED DEWEY DECIMAL CALL NUMBER | |
| Número de clasificación | |
| Número de ítem (Cutter) | |
| 111 2# - ASIENTO PRINCIPAL--NOMBRE DE REUNIÓN O CONFERENCIA | |
| Nombre de reunión o jurisdicción como elemento de entrada | Seminario "Desarrollo industrial en la República Dominicana : en ruta al tercer milenio" |
| Fecha de la reunión | (1997 : febr. 6 |
| Lugar de la reunión | Santo Domingo, República Dominicana) |
| 245 10 - MENCIÓN DE TITULO | |
| Título | Memorias del seminario / |
| Mención de responsabilidad | editor William Gutiérrez. |
| 260 ## - PUBLICACIÓN, DISTRIBUCIÓN, ETC. (PIE DE IMPRENTA) | |
| Lugar de publicación, distribución, etc | Santo Domingo : |
| Nombre del editor, distribuidor, etc. | Banco Central de la República Dominicana, |
| Fecha de publicación, distribución, etc | 1997. |
| 300 ## - DESCRIPCIÓN FÍSICA | |
| Extensión | 245 p. ; |
| Dimensiones | 23 cm. |
| 700 1# - ASIENTO SECUNDARIO -- NOMBRE PERSONAL | |
| Nombre personal | Gutierrez, William, |
| Mención de responsabilidad | ed. |
| 910 ## - VALIDACIÓN | |
| Validación | |
| 942 ## - ADDED ENTRY ELEMENTS (KOHA) | |
| Source of classification or shelving scheme | Dewey Decimal Classification |
| Koha item type | Libros |
| 945 ## - INFORMACIÓN DE PROCESAMIENTO LOCAL | |
| Información de procesamiento local | Inventariado / 2017 VM |
| 956 ## - LOCAL ELECTRONIC LOCATION AND ACCESS (OCLC) | |
| Nombre de host | VMATEO |
| Número de acceso | 10 |
| Información de compresión | 20170228 |
| Inicio de sesión | BPMSU |
| Procesador de solicitud | 0069 |
| Withdrawn status | Lost status | Source of classification or shelving scheme | Damaged status | Not for loan | Collection code | Home library | Current library | Date acquired | Source of acquisition | Total Checkouts | Barcode | Date last seen | Price effective from | Koha item type |
|---|---|---|---|---|---|---|---|---|---|---|---|---|---|---|
| Dewey Decimal Classification | Colección Dominicana | Biblioteca Pública Metropolitana Salomé Ureña | Biblioteca Pública Metropolitana Salomé Ureña | 02/28/2017 | BPMSU17020059 | 02/28/2017 | 02/28/2017 | Libros |